| 000 | 01072aaa a2200205 i 4500 | ||
|---|---|---|---|
| 001 | 768714001 | ||
| 003 | CO-MdFUSB | ||
| 005 | 20260313122532.0 | ||
| 008 | 260313t2007 sp |||| |||| 00| 0 spa d | ||
| 040 |
_bspa _cCO-MdFUSB |
||
| 041 | _aspa | ||
| 100 | 1 |
_aBarros, Marcelo _eautor |
|
| 245 | 1 | 0 |
_aMoradas del viento en los caminos humanos : _bpara una teología de la hierodiversidad _c/ Marcelo Barros |
| 300 | _aVolumen. 319, (Febrero, 2007), Páginas 59-67 | ||
| 520 | _aConforme el método latinoamericano, parto de cómo se presenta en el mundo esta relación entre cultura y religión. Después busco aclarar algunos conceptos y propongo una profundización teológica de la noción de hierodiversidad... que me parece muy apta para reflejar un camino nuevo que, en este mundo actual, la humanidad, de una forma o otra, está llamada a vivir. | ||
| 650 | _vTeología de la hierodiversidad | ||
| 773 | 0 |
_tRevista internacional de teología Concilium _049450 _960401 _gVolumen. 319, (Febrero, 2007), Páginas 59-67 _qPáginas 59 |
|
| 942 | _cANA | ||
| 945 | _aJTF-925 | ||
| 999 |
_c62050 _d62050 |
||